[Event "DEM U12w 2021"]
[Site "Willingen GER"]
[Date "2021.08.26"]
[Round "5"]
[White "Haug, Mara"]
[Black "Lorenz, Veronika"]
[Result "0-1"]
[Termination "normal"]
[Board "3"]
[WhiteElo "1366"]
[BlackElo "1395"]
[WhiteClock "00:29:37"]
[BlackClock "01:13:04"]
[PlyCount "76"]
[WhiteFideId "16259300"]
[BlackFideId "16277406"]
[EventCountry "GER"]
[EventRounds "9"]
[EventType "swiss"]
[EventDate "2021.08.22"]

1. e4 {[%clk 1:30:56]} e5 {[%clk 1:30:49]} 2. Nf3 {[%clk 1:31:19]} Nc6 {[%clk
1:31:10]} 3. Bc4 {[%clk 1:31:39]} Nf6 {[%clk 1:31:22]} 4. d4 {[%clk 1:31:58]}
exd4 {[%clk 1:31:15]} 5. e5 {[%clk 1:32:16]} d5 {[%clk 1:30:21]} 6. Bb5 {[%clk
1:32:39]} Ne4 {[%clk 1:30:20]} 7. Nxd4 {[%clk 1:32:32]} Bd7 {[%clk 1:29:57]} 8.
Bxc6 {[%clk 1:32:43]} bxc6 {[%clk 1:30:12]} 9. O-O {[%clk 1:32:52]} Bc5 {[%clk
1:29:47]} 10. f3 {[%clk 1:33:11]} Ng5 {[%clk 1:29:37]} 11. f4 {[%clk 1:33:34]}
Ne4 {[%clk 1:29:57]} 12. Be3 {[%clk 1:33:53]} Bb6 {[%clk 1:29:39]} 13. Nd2
{[%clk 1:34:02]} Nxd2 {[%clk 1:29:46]} 14. Qxd2 {[%clk 1:34:23]} c5 {[%clk
1:29:43]} 15. Nb3 {[%clk 1:34:07]} d4 {[%clk 1:29:19]} 16. Bf2 {[%clk 1:34:10]}
Bc6 {[%clk 1:28:28]} 17. c3 {[%clk 1:29:48]} Qd5 {[%clk 1:26:30]} 18. Bh4
{[%clk 1:28:20]} d3 {[%clk 1:25:15]} 19. Kh1 {[%clk 1:25:29]} c4 {[%clk
1:24:47]} 20. Nc1 {[%clk 1:24:17]} Be3 {[%clk 1:22:57]} 21. Rf2 {[%clk
1:12:13]} Bxd2 {[%clk 1:22:42]} 22. Rxd2 {[%clk 1:06:42]} Qe4 {[%clk 1:22:16]}
23. Nxd3 {[%clk 0:51:45]} cxd3 {[%clk 1:22:11]} 24. Bg3 {[%clk 0:51:44]} O-O-O
{[%clk 1:21:11]} 25. Re1 {[%clk 0:51:16]} Qd5 {[%clk 1:21:15]} 26. a3 {[%clk
0:50:45]} Rhe8 {[%clk 1:21:15]} 27. Bh4 {[%clk 0:46:15]} f6 {[%clk 1:20:06]}
28. Red1 {[%clk 0:45:23]} g5 {[%clk 1:14:26]} 29. Bg3 {[%clk 0:43:45]} gxf4
{[%clk 1:14:32]} 30. Bxf4 {[%clk 0:43:40]} fxe5 {[%clk 1:14:42]} 31. Be3 {[%clk
0:43:14]} Rg8 {[%clk 1:14:27]} 32. Rg1 {[%clk 0:43:26]} Rg6 {[%clk 1:13:59]}
33. Rf2 {[%clk 0:37:06]} Rdg8 {[%clk 1:12:20]} 34. h4 {[%clk 0:29:42]} Rxg2
{[%clk 1:12:23]} 35. Rgxg2 {[%clk 0:29:36]} Rxg2 {[%clk 1:12:39]} 36. Rf8+
{[%clk 0:29:54]} Kb7 {[%clk 1:13:01]} 37. Bg1 {[%clk 0:29:16]} Rxg1+ {[%clk
1:13:04]} 38. Kxg1 {[%clk 0:29:37]} Qg2# 0-1

[Event "DEM U12w 2021"]
[Site "Willingen GER"]
[Date "2021.08.26"]
[Round "5"]
[White "Bauer, Laura Sophie"]
[Black "Huber, Laura"]
[Result "1/2-1/2"]
[Termination "normal"]
[Board "4"]
[WhiteElo "1309"]
[BlackElo "1265"]
[WhiteClock "00:23:37"]
[BlackClock "00:07:58"]
[PlyCount "64"]
[WhiteFideId "16253647"]
[BlackFideId "16270940"]
[EventCountry "GER"]
[EventRounds "9"]
[EventType "swiss"]
[EventDate "2021.08.22"]

1. e4 {[%clk 1:30:59]} e5 {[%clk 1:30:55]} 2. Nf3 {[%clk 1:31:24]} Nc6 {[%clk
1:31:16]} 3. Bb5 {[%clk 1:31:49]} a6 {[%clk 1:31:21]} 4. Ba4 {[%clk 1:32:14]}
Nf6 {[%clk 1:30:40]} 5. d4 {[%clk 1:32:38]} exd4 {[%clk 1:25:08]} 6. O-O {[%clk
1:32:59]} Be7 {[%clk 1:18:02]} 7. Re1 {[%clk 1:33:11]} O-O {[%clk 1:09:53]} 8.
Bb3 {[%clk 1:26:23]} d5 {[%clk 1:05:29]} 9. exd5 {[%clk 1:23:40]} Nxd5 {[%clk
1:05:44]} 10. Nxd4 {[%clk 1:23:02]} Nxd4 {[%clk 0:58:50]} 11. Qxd4 {[%clk
1:20:40]} Be6 {[%clk 0:53:42]} 12. c3 {[%clk 1:06:42]} Bf6 {[%clk 0:43:59]} 13.
Qd3 {[%clk 0:59:03]} c6 {[%clk 0:37:14]} 14. Nd2 {[%clk 0:56:33]} g6 {[%clk
0:27:06]} 15. Ne4 {[%clk 0:52:59]} Bg7 {[%clk 0:27:17]} 16. Nc5 {[%clk
0:40:51]} Bf5 {[%clk 0:26:21]} 17. Qg3 {[%clk 0:37:57]} b6 {[%clk 0:22:14]} 18.
Nb7 {[%clk 0:37:21]} Qd7 {[%clk 0:18:17]} 19. Nd6 {[%clk 0:33:49]} Be6 {[%clk
0:18:14]} 20. Ne4 {[%clk 0:30:17]} Rfe8 {[%clk 0:17:44]} 21. Qd6 {[%clk
0:27:52]} Qxd6 {[%clk 0:16:16]} 22. Nxd6 {[%clk 0:27:40]} Red8 {[%clk 0:16:02]}
23. Nc4 {[%clk 0:25:28]} b5 24. Ne3 {[%clk 0:24:52]} Nxc3 {[%clk 0:14:08]} 25.
Bxe6 {[%clk 0:24:11]} fxe6 {[%clk 0:14:27]} 26. bxc3 {[%clk 0:24:32]} Bxc3
{[%clk 0:14:53]} 27. Ba3 {[%clk 0:24:43]} Bxe1 {[%clk 0:10:20]} 28. Rxe1 {[%clk
0:24:17]} Rd2 {[%clk 0:10:49]} 29. Ra1 {[%clk 0:23:53]} Rad8 {[%clk 0:10:54]}
30. Bb4 {[%clk 0:23:40]} R2d4 {[%clk 0:09:59]} 31. a3 {[%clk 0:23:17]} Kf7
{[%clk 0:09:48]} 32. Kf1 {[%clk 0:23:37]} Rh4 {[%clk 0:07:58]} 1/2-1/2

[Event "DEM U12w 2021"]
[Site "Willingen GER"]
[Date "2021.08.26"]
[Round "5"]
[White "Pröttel, Ela"]
[Black "Hergenröder, Cora"]
[Result "0-1"]
[Termination "normal"]
[Board "5"]
[WhiteElo "1182"]
[BlackElo "1463"]
[WhiteClock "00:00:43"]
[BlackClock "00:11:36"]
[PlyCount "131"]
[WhiteFideId "44582749"]
[BlackFideId "34603700"]
[EventCountry "GER"]
[EventRounds "9"]
[EventType "swiss"]
[EventDate "2021.08.22"]

1. e4 {[%clk 1:30:55]} c6 {[%clk 1:30:59]} 2. d4 {[%clk 1:31:00]} d5 {[%clk
1:31:25]} 3. e5 {[%clk 1:31:19]} c5 {[%clk 1:31:50]} 4. dxc5 {[%clk 1:31:25]}
e6 {[%clk 1:32:11]} 5. a3 {[%clk 1:31:37]} Nd7 {[%clk 1:31:53]} 6. Bb5 {[%clk
1:28:46]} Bxc5 {[%clk 1:25:22]} 7. b4 {[%clk 1:27:24]} Bb6 {[%clk 1:25:28]} 8.
Nf3 {[%clk 1:27:13]} h6 {[%clk 1:24:10]} 9. Bb2 {[%clk 1:24:50]} Ne7 {[%clk
1:23:52]} 10. Nbd2 {[%clk 1:07:34]} Ng6 {[%clk 1:23:21]} 11. O-O {[%clk
0:58:44]} O-O {[%clk 1:23:19]} 12. c4 {[%clk 0:56:23]} Bc7 {[%clk 1:12:14]} 13.
Re1 {[%clk 0:43:26]} a6 {[%clk 1:11:48]} 14. Bxd7 Qxd7 {[%clk 1:11:37]} 15. Qc2
{[%clk 0:33:58]} Bb8 {[%clk 1:02:29]} 16. Rad1 {[%clk 0:31:24]} Rd8 {[%clk
0:59:23]} 17. c5 {[%clk 0:22:40]} Qe8 {[%clk 0:58:55]} 18. Bd4 {[%clk 0:18:37]}
Bd7 {[%clk 0:56:04]} 19. Rc1 {[%clk 0:18:14]} Bb5 {[%clk 0:54:23]} 20. g3
{[%clk 0:14:24]} Ba7 {[%clk 0:53:31]} 21. Nb1 {[%clk 0:08:26]} Rdc8 {[%clk
0:48:32]} 22. Nc3 {[%clk 0:06:10]} Bd7 {[%clk 0:39:54]} 23. Qb3 {[%clk
0:03:33]} Ne7 {[%clk 0:38:40]} 24. g4 {[%clk 0:01:01]} Ng6 {[%clk 0:38:35]} 25.
Be3 {[%clk 0:00:53]} Bc6 {[%clk 0:35:00]} 26. Bd4 {[%clk 0:00:39]} Nf4 {[%clk
0:34:21]} 27. Qc2 {[%clk 0:00:36]} Bb5 {[%clk 0:33:55]} 28. Nxb5 Qxb5 {[%clk
0:33:49]} 29. Rcd1 {[%clk 0:00:49]} b6 {[%clk 0:26:21]} 30. Be3 {[%clk
0:00:43]} Ng6 {[%clk 0:26:12]} 31. Rc1 {[%clk 0:00:44]} bxc5 {[%clk 0:20:09]}
32. bxc5 {[%clk 0:01:00]} Qc6 {[%clk 0:19:42]} 33. Nd4 {[%clk 0:00:42]} Qc7
{[%clk 0:18:53]} 34. Nxe6 {[%clk 0:00:37]} Qd7 {[%clk 0:14:58]} 35. Nf4 {[%clk
0:00:32]} Nxe5 {[%clk 0:13:42]} 36. Qe2 {[%clk 0:00:38]} Qxg4+ {[%clk 0:12:44]}
37. Qxg4 {[%clk 0:00:58]} Nxg4 {[%clk 0:13:07]} 38. Nxd5 {[%clk 0:01:07]} Kf8
{[%clk 0:11:50]} 39. Nb6 {[%clk 0:00:44]} Bxb6 {[%clk 0:09:40]} 40. cxb6 {[%clk
0:01:04]} Nxe3 {[%clk 0:09:32]} 41. fxe3 {[%clk 0:00:45]} Rxc1 {[%clk 0:08:05]}
42. Rxc1 {[%clk 0:01:07]} Rb8 {[%clk 0:08:10]} 43. Rb1 {[%clk 0:27:59]} Ke7
{[%clk 0:38:03]} 44. b7 {[%clk 0:11:59]} Kd7 {[%clk 0:37:01]} 45. Rf1 {[%clk
0:00:39]} f6 {[%clk 0:36:59]} 46. Rb1 {[%clk 0:00:43]} Kc7 {[%clk 0:36:57]} 47.
Kf2 {[%clk 0:00:34]} Rxb7 48. Rc1+ {[%clk 0:00:35]} Kd7 {[%clk 0:30:49]} 49.
Kf3 {[%clk 0:00:31]} Rb2 {[%clk 0:30:29]} 50. Kg3 {[%clk 0:00:34]} Rb3 {[%clk
0:29:05]} 51. Ra1 {[%clk 0:00:38]} Rxe3+ {[%clk 0:29:17]} 52. Kf2 {[%clk
0:00:43]} Re5 {[%clk 0:29:12]} 53. Rg1 {[%clk 0:00:37]} Rg5 {[%clk 0:28:43]}
54. Rd1+ {[%clk 0:00:43]} Kc6 {[%clk 0:27:20]} 55. Rb1 {[%clk 0:00:39]} Rh5
{[%clk 0:23:44]} 56. Kg3 {[%clk 0:00:38]} Rb5 {[%clk 0:23:58]} 57. Ra1 {[%clk
0:00:35]} Rb2 {[%clk 0:21:15]} 58. h3 {[%clk 0:00:33]} Kb5 {[%clk 0:17:15]} 59.
a4+ {[%clk 0:00:32]} Kb4 {[%clk 0:16:34]} 60. a5 {[%clk 0:00:33]} Rb3+ {[%clk
0:15:11]} 61. Kg4 {[%clk 0:00:43]} Ra3 {[%clk 0:14:22]} 62. Rf1 {[%clk
0:00:34]} Rxa5 {[%clk 0:13:34]} 63. Rb1+ {[%clk 0:00:45]} Kc3 {[%clk 0:12:13]}
64. Rc1+ {[%clk 0:00:49]} Kb2 {[%clk 0:11:40]} 65. Rf1 {[%clk 0:00:43]} Rc5
{[%clk 0:11:36]} 66. Re1 0-1

[Event "DEM U12w 2021"]
[Site "Willingen GER"]
[Date "2021.08.26"]
[Round "5"]
[White "Stasaitis, Paulina"]
[Black "Bangiev, Katharina"]
[Result "1/2-1/2"]
[Termination "normal"]
[Board "6"]
[WhiteElo "1321"]
[BlackElo "1477"]
[WhiteClock "00:16:12"]
[BlackClock "00:17:39"]
[PlyCount "47"]
[WhiteFideId "34606165"]
[BlackFideId "16267230"]
[EventCountry "GER"]
[EventRounds "9"]
[EventType "swiss"]
[EventDate "2021.08.22"]

1. d4 {[%clk 1:30:59]} d5 {[%clk 1:30:56]} 2. Bf4 {[%clk 1:31:16]} Nf6 {[%clk
1:31:01]} 3. Nf3 {[%clk 1:30:13]} e6 {[%clk 1:30:39]} 4. e3 {[%clk 1:29:44]}
Be7 {[%clk 1:30:20]} 5. Bd3 {[%clk 1:28:13]} O-O {[%clk 1:29:10]} 6. h3 {[%clk
1:27:02]} b6 {[%clk 1:25:31]} 7. O-O {[%clk 1:22:53]} Bb7 {[%clk 1:24:28]} 8.
Ne5 {[%clk 1:20:46]} Nbd7 {[%clk 1:22:16]} 9. Nd2 {[%clk 1:15:29]} c5 {[%clk
1:20:06]} 10. c3 {[%clk 1:14:15]} Rc8 {[%clk 1:16:36]} 11. Ndf3 {[%clk
1:05:02]} Ne4 {[%clk 1:01:22]} 12. Nxd7 {[%clk 1:02:25]} Qxd7 {[%clk 1:01:19]}
13. Ne5 {[%clk 1:02:21]} Qd8 {[%clk 1:01:22]} 14. Bxe4 {[%clk 1:00:55]} dxe4
{[%clk 1:01:44]} 15. Qc2 {[%clk 0:56:37]} Bd6 {[%clk 0:57:52]} 16. Rad1 {[%clk
0:51:55]} Qc7 {[%clk 0:51:47]} 17. g3 {[%clk 0:46:04]} f6 {[%clk 0:40:30]} 18.
Ng4 {[%clk 0:38:40]} Bxf4 {[%clk 0:34:06]} 19. exf4 {[%clk 0:37:41]} Rcd8
{[%clk 0:31:20]} 20. dxc5 {[%clk 0:32:54]} Qxc5 {[%clk 0:29:34]} 21. Ne3 {[%clk
0:31:50]} Ba6 {[%clk 0:24:27]} 22. Rfe1 {[%clk 0:25:08]} Bd3 {[%clk 0:21:47]}
23. Qb3 {[%clk 0:23:06]} Rfe8 {[%clk 0:17:39]} 24. f5 {[%clk 0:16:12]} 1/2-1/2

[Event "DEM U12w 2021"]
[Site "Willingen GER"]
[Date "2021.08.26"]
[Round "5"]
[White "Moldovan, Tatiana"]
[Black "Richter, Johanna"]
[Result "1/2-1/2"]
[Termination "normal"]
[Board "7"]
[WhiteElo "1437"]
[BlackElo "1155"]
[WhiteClock "00:37:51"]
[BlackClock "00:04:13"]
[PlyCount "117"]
[WhiteFideId "16287398"]
[BlackFideId "16278925"]
[EventCountry "GER"]
[EventRounds "9"]
[EventType "swiss"]
[EventDate "2021.08.22"]

1. e4 {[%clk 1:30:48]} c5 {[%clk 1:30:54]} 2. Nc3 {[%clk 1:31:03]} Nc6 {[%clk
1:31:18]} 3. Bb5 {[%clk 1:31:17]} Nd4 {[%clk 1:31:34]} 4. Nf3 {[%clk 1:31:27]}
Nxb5 {[%clk 1:31:55]} 5. Nxb5 {[%clk 1:31:47]} a6 {[%clk 1:26:50]} 6. Nc3
{[%clk 1:30:05]} d6 {[%clk 1:25:16]} 7. d4 {[%clk 1:26:05]} cxd4 {[%clk
1:24:01]} 8. Qxd4 {[%clk 1:26:10]} e5 {[%clk 1:22:49]} 9. Qd1 {[%clk 1:25:52]}
Nf6 {[%clk 1:22:51]} 10. h3 {[%clk 1:25:15]} Be7 {[%clk 1:21:46]} 11. O-O
{[%clk 1:25:32]} O-O {[%clk 1:21:55]} 12. Bg5 {[%clk 1:25:27]} Be6 {[%clk
1:15:16]} 13. Nd2 {[%clk 1:22:11]} Nxe4 {[%clk 1:02:16]} 14. Bxe7 {[%clk
1:22:32]} Nxc3 {[%clk 1:02:39]} 15. Bxd8 {[%clk 1:22:54]} Nxd1 {[%clk 1:03:04]}
16. Be7 {[%clk 1:23:02]} Rfe8 {[%clk 1:03:15]} 17. Bxd6 {[%clk 1:23:15]} Nxb2
{[%clk 1:03:08]} 18. Bxe5 {[%clk 1:21:32]} Nc4 {[%clk 1:03:14]} 19. Nxc4 {[%clk
1:21:32]} Bxc4 {[%clk 1:03:34]} 20. Rfe1 {[%clk 1:21:55]} f6 {[%clk 1:02:12]}
21. Bc3 {[%clk 1:22:08]} Rxe1+ {[%clk 1:01:44]} 22. Rxe1 {[%clk 1:20:45]} Bxa2
{[%clk 0:57:25]} 23. Ba5 {[%clk 1:20:47]} Rc8 {[%clk 0:53:02]} 24. c3 {[%clk
1:21:10]} Kf7 {[%clk 0:45:17]} 25. f3 {[%clk 1:13:33]} Rc6 {[%clk 0:43:28]} 26.
Ra1 {[%clk 1:13:33]} Bc4 {[%clk 0:40:43]} 27. Rb1 {[%clk 1:08:02]} Bb5 {[%clk
0:40:55]} 28. Rb3 {[%clk 1:07:13]} Rc8 {[%clk 0:34:18]} 29. Kf2 {[%clk
1:07:15]} Ke6 {[%clk 0:33:51]} 30. Ke3 {[%clk 1:06:51]} Kd5 {[%clk 0:31:16]}
31. Kd2 {[%clk 1:07:03]} Rc4 {[%clk 0:28:58]} 32. Bb4 {[%clk 1:04:05]} Rc8
{[%clk 0:26:35]} 33. Ba5 {[%clk 0:56:40]} Re8 {[%clk 0:22:31]} 34. g3 {[%clk
0:54:22]} Re2+ {[%clk 0:22:01]} 35. Kc1 {[%clk 0:54:12]} Re7 {[%clk 0:13:05]}
36. Kd2 {[%clk 0:53:03]} Re2+ {[%clk 0:10:45]} 37. Kc1 {[%clk 0:53:21]} Re1+
{[%clk 0:09:39]} 38. Kd2 {[%clk 0:53:25]} Rd1+ {[%clk 0:06:27]} 39. Kxd1 {[%clk
0:51:43]} Ba4 {[%clk 0:06:53]} 40. Kc2 {[%clk 0:51:24]} Kc4 {[%clk 0:07:18]}
41. Kb2 Bxb3 42. Bb4 {[%clk 0:51:10]} Bd1 {[%clk 0:06:26]} 43. Bf8 {[%clk
0:51:16]} g6 {[%clk 0:06:49]} 44. Be7 {[%clk 0:51:00]} f5 {[%clk 0:06:40]} 45.
f4 {[%clk 0:50:53]} Kd3 {[%clk 0:06:33]} 46. h4 {[%clk 0:48:15]} Ke3 {[%clk
0:06:13]} 47. Ka3 {[%clk 0:47:29]} Kf3 {[%clk 0:06:25]} 48. Bg5 {[%clk
0:47:29]} Kxg3 {[%clk 0:06:16]} 49. Kb4 Kf3 {[%clk 0:06:15]} 50. c4 {[%clk
0:47:13]} Ke3 {[%clk 0:06:34]} 51. c5 {[%clk 0:47:29]} Bf3 {[%clk 0:06:58]} 52.
Ka5 {[%clk 0:47:09]} Bc6 {[%clk 0:07:07]} 53. Bh6 {[%clk 0:44:13]} Kd4 {[%clk
0:07:20]} 54. Bf8 {[%clk 0:43:59]} Kd5 {[%clk 0:07:27]} 55. Kb6 {[%clk
0:43:20]} Ke6 {[%clk 0:06:20]} 56. Ka5 {[%clk 0:43:07]} Kd7 {[%clk 0:05:54]}
57. Kb6 {[%clk 0:39:45]} Be4 {[%clk 0:05:41]} 58. Bh6 {[%clk 0:37:58]} Ke7
{[%clk 0:04:13]} 59. Ka5 {[%clk 0:37:51]} 1/2-1/2

[Event "DEM U12w 2021"]
[Site "Willingen GER"]
[Date "2021.08.26"]
[Round "5"]
[White "Schülke, Rosalie"]
[Black "Neininger, Sarah"]
[Result "0-1"]
[Termination "normal"]
[Board "8"]
[WhiteElo "1423"]
[BlackElo "1434"]
[WhiteClock "00:36:20"]
[BlackClock "00:56:05"]
[PlyCount "50"]
[WhiteFideId "16287436"]
[BlackFideId "16287410"]
[EventCountry "GER"]
[EventRounds "9"]
[EventType "swiss"]
[EventDate "2021.08.22"]

1. e4 {[%clk 1:30:58]} c5 {[%clk 1:30:53]} 2. Nf3 {[%clk 1:31:21]} e6 {[%clk
1:30:59]} 3. c4 {[%clk 1:31:02]} Nc6 {[%clk 1:31:05]} 4. d4 {[%clk 1:29:28]}
cxd4 {[%clk 1:31:08]} 5. Nxd4 {[%clk 1:29:20]} Nf6 {[%clk 1:31:01]} 6. Nc3
{[%clk 1:28:27]} Bb4 {[%clk 1:29:51]} 7. f3 {[%clk 1:26:55]} O-O {[%clk
1:29:19]} 8. Qd3 {[%clk 1:24:01]} d5 {[%clk 1:28:16]} 9. Nxc6 {[%clk 1:13:39]}
bxc6 {[%clk 1:28:16]} 10. e5 {[%clk 1:12:50]} Nd7 {[%clk 1:27:12]} 11. cxd5
{[%clk 1:10:50]} exd5 {[%clk 1:25:40]} 12. f4 {[%clk 1:10:12]} Nb6 {[%clk
1:23:51]} 13. a3 {[%clk 1:04:27]} Bc5 {[%clk 1:21:11]} 14. b4 {[%clk 1:03:50]}
Be7 {[%clk 1:19:57]} 15. Qd4 {[%clk 0:53:29]} f6 {[%clk 1:14:47]} 16. Be3
{[%clk 0:47:43]} fxe5 {[%clk 1:12:00]} 17. fxe5 {[%clk 0:47:25]} Be6 {[%clk
1:04:52]} 18. h4 {[%clk 0:45:58]} Nc4 {[%clk 1:01:37]} 19. Bxc4 {[%clk
0:43:53]} dxc4 {[%clk 1:01:54]} 20. O-O-O {[%clk 0:39:46]} Qxd4 {[%clk
0:58:27]} 21. Rxd4 {[%clk 0:38:10]} c5 {[%clk 0:57:57]} 22. bxc5 {[%clk
0:36:19]} Bxc5 {[%clk 0:57:44]} 23. Re4 {[%clk 0:36:44]} Bxa3+ {[%clk 0:57:58]}
24. Kc2 {[%clk 0:36:55]} Bb4 {[%clk 0:56:07]} 25. Nb5 {[%clk 0:36:20]} Bf5
{[%clk 0:56:05]} 0-1

[Event "DEM U12w 2021"]
[Site "Willingen GER"]
[Date "2021.08.26"]
[Round "5"]
[White "Schube, Theresa"]
[Black "Trunz, Tamila"]
[Result "0-1"]
[Termination "normal"]
[Board "9"]
[WhiteElo "1262"]
[BlackElo "1353"]
[WhiteClock "00:54:41"]
[BlackClock "00:05:09"]
[PlyCount "66"]
[WhiteFideId "34608800"]
[BlackFideId "16267885"]
[EventCountry "GER"]
[EventRounds "9"]
[EventType "swiss"]
[EventDate "2021.08.22"]

1. e4 {[%clk 1:30:56]} e5 {[%clk 1:30:42]} 2. Nf3 {[%clk 1:31:09]} Nc6 {[%clk
1:30:30]} 3. Bc4 {[%clk 1:31:11]} Bc5 {[%clk 1:30:42]} 4. c3 {[%clk 1:31:07]}
Nf6 {[%clk 1:30:43]} 5. d4 {[%clk 1:31:17]} exd4 {[%clk 1:30:30]} 6. cxd4
{[%clk 1:30:54]} Bb4+ {[%clk 1:30:29]} 7. Bd2 {[%clk 1:30:33]} Nxe4 {[%clk
1:29:41]} 8. Bxf7+ {[%clk 1:30:23]} Kxf7 {[%clk 1:28:15]} 9. Bxb4 {[%clk
1:30:27]} Re8 {[%clk 1:23:35]} 10. O-O {[%clk 1:27:14]} d5 {[%clk 1:22:39]} 11.
Qb3 {[%clk 1:21:37]} Kg8 {[%clk 1:20:28]} 12. Re1 {[%clk 1:17:01]} Nxb4 {[%clk
1:02:19]} 13. Qxb4 {[%clk 1:16:27]} c6 {[%clk 0:49:34]} 14. Nc3 {[%clk
1:13:56]} b6 {[%clk 0:46:38]} 15. Nxe4 {[%clk 1:12:31]} dxe4 {[%clk 0:43:13]}
16. Qc4+ {[%clk 1:10:36]} Qd5 {[%clk 0:42:48]} 17. Qxd5+ {[%clk 1:10:12]} cxd5
{[%clk 0:43:02]} 18. Ne5 {[%clk 1:10:11]} Ba6 {[%clk 0:40:16]} 19. Rac1 {[%clk
1:07:36]} Rac8 {[%clk 0:39:14]} 20. Nc6 {[%clk 1:04:49]} Bb7 {[%clk 0:26:30]}
21. Ne5 {[%clk 1:00:58]} g6 {[%clk 0:24:17]} 22. Kf1 {[%clk 0:58:38]} Kg7
{[%clk 0:20:14]} 23. Ke2 {[%clk 0:57:46]} g5 {[%clk 0:15:55]} 24. Kd2 {[%clk
0:57:14]} Ba6 {[%clk 0:11:28]} 25. Rc2 {[%clk 0:56:24]} Rxc2+ {[%clk 0:11:10]}
26. Kxc2 {[%clk 0:56:49]} Rf8 {[%clk 0:10:42]} 27. f3 {[%clk 0:55:41]} Bb7
{[%clk 0:07:40]} 28. Kd2 {[%clk 0:54:58]} Rc8 {[%clk 0:06:24]} 29. Rc1 {[%clk
0:54:39]} e3+ {[%clk 0:05:47]} 30. Kxe3 {[%clk 0:54:12]} Rxc1 {[%clk 0:06:01]}
31. f4 {[%clk 0:54:11]} gxf4+ {[%clk 0:05:40]} 32. Kxf4 {[%clk 0:54:36]} Rc2
{[%clk 0:05:27]} 33. Ng4 {[%clk 0:54:41]} Rxb2 {[%clk 0:05:09]} 0-1

[Event "DEM U12w 2021"]
[Site "Willingen GER"]
[Date "2021.08.26"]
[Round "5"]
[White "Zhou, Jenny"]
[Black "Flierl, Veronika"]
[Result "0-1"]
[Termination "normal"]
[Board "10"]
[WhiteElo "1268"]
[BlackElo "1372"]
[WhiteClock "00:48:42"]
[BlackClock "00:44:13"]
[PlyCount "68"]
[WhiteFideId "16280229"]
[BlackFideId "34603697"]
[EventCountry "GER"]
[EventRounds "9"]
[EventType "swiss"]
[EventDate "2021.08.22"]

1. e4 {[%clk 1:30:57]} c6 {[%clk 1:30:57]} 2. d4 {[%clk 1:31:21]} d5 {[%clk
1:31:23]} 3. e5 {[%clk 1:31:47]} Bf5 {[%clk 1:31:49]} 4. Nf3 {[%clk 1:32:13]}
e6 {[%clk 1:31:42]} 5. Be2 {[%clk 1:32:39]} c5 {[%clk 1:23:15]} 6. O-O {[%clk
1:29:34]} cxd4 {[%clk 1:20:32]} 7. Nxd4 {[%clk 1:27:14]} Bg6 {[%clk 1:17:11]}
8. Nd2 {[%clk 1:24:57]} Nc6 {[%clk 1:15:07]} 9. Bb5 {[%clk 1:23:44]} Qc7 {[%clk
1:12:13]} 10. c3 {[%clk 1:16:31]} a6 {[%clk 1:09:40]} 11. Qa4 {[%clk 1:14:01]}
Nge7 {[%clk 1:09:37]} 12. c4 {[%clk 1:10:02]} Rd8 {[%clk 1:07:43]} 13. Bxc6+
{[%clk 1:09:30]} Nxc6 {[%clk 1:07:56]} 14. Rd1 {[%clk 1:03:21]} Be7 {[%clk
1:08:23]} 15. Nxc6 {[%clk 1:01:49]} Qxc6 {[%clk 1:08:36]} 16. Qxc6+ {[%clk
1:01:21]} bxc6 {[%clk 1:08:59]} 17. cxd5 {[%clk 1:01:02]} cxd5 {[%clk 1:09:16]}
18. Nb3 {[%clk 1:00:13]} O-O {[%clk 1:09:03]} 19. Be3 {[%clk 0:58:54]} Bc2
{[%clk 0:59:17]} 20. Rdc1 {[%clk 0:57:22]} Bxb3 {[%clk 0:59:31]} 21. axb3
{[%clk 0:57:47]} Ra8 {[%clk 0:55:33]} 22. Rc7 {[%clk 0:55:32]} Bb4 {[%clk
0:53:38]} 23. Ra4 {[%clk 0:54:34]} a5 {[%clk 0:52:52]} 24. Bc5 {[%clk 0:52:47]}
Rfc8 {[%clk 0:51:55]} 25. Bd6 {[%clk 0:50:38]} Rxc7 {[%clk 0:52:07]} 26. Bxc7
{[%clk 0:51:00]} Rc8 {[%clk 0:52:32]} 27. h3 {[%clk 0:49:34]} Rxc7 {[%clk
0:52:47]} 28. Ra1 {[%clk 0:49:38]} h6 {[%clk 0:50:14]} 29. Rd1 {[%clk 0:49:10]}
Rc2 {[%clk 0:49:53]} 30. Rd3 {[%clk 0:48:13]} Rxb2 {[%clk 0:49:54]} 31. f4
{[%clk 0:48:38]} Re2 {[%clk 0:48:13]} 32. g4 {[%clk 0:48:09]} Bc5+ {[%clk
0:43:36]} 33. Kf1 {[%clk 0:48:18]} Rf2+ {[%clk 0:43:58]} 34. Ke1 {[%clk
0:48:42]} Rxf4 {[%clk 0:44:13]} 0-1

[Event "DEM U12w 2021"]
[Site "Willingen GER"]
[Date "2021.08.26"]
[Round "5"]
[White "Burlutskaia, Maria"]
[Black "Chandrasekher, Ritu"]
[Result "1-0"]
[Termination "normal"]
[Board "11"]
[WhiteElo "1337"]
[BlackElo "1197"]
[WhiteClock "01:22:15"]
[BlackClock "01:18:23"]
[PlyCount "53"]
[WhiteFideId "34607137"]
[BlackFideId "34609024"]
[EventCountry "GER"]
[EventRounds "9"]
[EventType "swiss"]
[EventDate "2021.08.22"]

1. e4 {[%clk 1:30:57]} e5 {[%clk 1:30:56]} 2. Bc4 {[%clk 1:31:20]} Nf6 {[%clk
1:31:01]} 3. d3 {[%clk 1:31:44]} d5 {[%clk 1:30:41]} 4. exd5 {[%clk 1:28:35]}
Nxd5 {[%clk 1:30:44]} 5. h3 {[%clk 1:24:42]} Bc5 {[%clk 1:28:43]} 6. Nf3 {[%clk
1:24:40]} Nc6 {[%clk 1:28:32]} 7. Bxd5 {[%clk 1:24:40]} Qxd5 {[%clk 1:28:35]}
8. Nc3 {[%clk 1:25:02]} Qd6 {[%clk 1:27:55]} 9. Ne4 {[%clk 1:25:18]} Qe7 {[%clk
1:26:56]} 10. Nxc5 {[%clk 1:20:37]} Qxc5 {[%clk 1:26:45]} 11. Be3 {[%clk
1:21:00]} Qb4+ {[%clk 1:26:32]} 12. Qd2 {[%clk 1:21:09]} Qxb2 {[%clk 1:26:41]}
13. O-O {[%clk 1:21:23]} O-O {[%clk 1:25:52]} 14. Bc5 {[%clk 1:21:45]} Re8
{[%clk 1:23:23]} 15. Rfb1 {[%clk 1:21:59]} Qxa1 {[%clk 1:21:29]} 16. Rxa1
{[%clk 1:20:51]} b6 {[%clk 1:21:36]} 17. Be3 {[%clk 1:20:51]} Bb7 {[%clk
1:21:06]} 18. Re1 {[%clk 1:20:48]} Rad8 {[%clk 1:20:44]} 19. c3 {[%clk
1:20:11]} e4 {[%clk 1:20:00]} 20. Nd4 {[%clk 1:20:34]} a6 {[%clk 1:19:02]} 21.
Nxc6 {[%clk 1:20:46]} Bxc6 {[%clk 1:19:17]} 22. Bd4 {[%clk 1:21:07]} Bb5 {[%clk
1:18:55]} 23. Rxe4 {[%clk 1:20:45]} Rxe4 {[%clk 1:18:49]} 24. dxe4 {[%clk
1:21:07]} c5 {[%clk 1:18:47]} 25. Qg5 {[%clk 1:21:33]} cxd4 {[%clk 1:18:24]}
26. Qxd8+ {[%clk 1:21:55]} Be8 {[%clk 1:18:23]} 27. Qxe8# {[%clk 1:22:15]} 1-0